[Event "World Youth Open U14 2016"]
[Site "Khanty-Mansiysk RUS"]
[Date "2016.09.22"]
[Round "1.9"]
[White "Shubin, Kirill"]
[Black "Emanuel, Yahav"]
[Result "1/2-1/2"]
[WhiteTitle "FM"]
[WhiteElo "2304"]
[BlackElo "2014"]
[WhiteFideId "34119962"]
[BlackFideId "2814790"]
[EventDate "2016.09.22"]

1. e4 e5 2. Nf3 Nc6 3. Bb5 Bc5 4. O-O Nf6 5. d3 Nd4 6. Nxd4 Bxd4 7. c3 Bb6 8.
Qe2 O-O 9. Bg5 d6 10. Nd2 a6 11. Bc4 Be6 12. Kh1 h6 13. Be3 Bxe3 14. fxe3 Qe7
15. a4 Rad8 16. Bxe6 fxe6 17. d4 Nd7 18. Nf3 Rf7 19. Qc4 c6 20. Qb4 Nf6 21. dxe5
Ng4 22. exd6 Qxd6 23. Qxd6 Rxd6 24. e5 Rd3 25. e4 Ne3 26. Rf2 Rfd7 27. Re1 Rd1
28. Re2 Rxe1+ 29. Rxe1 Nc4 30. b3 Na5 31. Nd4 Kf7 32. Rb1 c5 33. Nf3 c4 34. bxc4
Rd3 35. Rc1 Nb3 36. Rf1 Rxc3 37. Nh4+ Ke8 38. Ng6 Rc1 39. Rxc1 Nxc1 40. Nf4 Kf7
41. h4 1/2-1/2

[Event "World Youth Open U14 2016"]
[Site "Khanty-Mansiysk RUS"]
[Date "2016.09.22"]
[Round "1.16"]
[White "Dolgikh, Evgeniy"]
[Black "Stoleriu, George"]
[Result "0-1"]
[WhiteElo "1904"]
[BlackElo "2247"]
[WhiteFideId "34125873"]
[BlackFideId "1227505"]
[EventDate "2016.09.22"]

1. d4 Nf6 2. c4 e6 3. Nc3 Bb4 4. e3 O-O 5. Ne2 b6 6. a3 Be7 7. Nf4 Bb7 8. f3 d6
9. e4 c5 10. d5 e5 11. Nd3 Na6 12. Be3 Nc7 13. Nf2 Bc8 14. Bd3 a6 15. b4 Nh5 16.
g3 Bg5 17. Qd2 Bxe3 18. Qxe3 Bd7 19. Ne2 Qe7 20. g4 Nf6 21. Ng3 Rfb8 22. O-O
cxb4 23. axb4 a5 24. b5 Ra7 25. g5 Nfe8 26. Nf5 Bxf5 27. exf5 f6 28. h4 Na8 29.
Ng4 Qc7 30. Kh1 fxg5 31. hxg5 Qc5 32. Qd2 Qd4 33. f6 gxf6 34. gxf6 Kh8 35. Ra3
Nxf6 36. Qh6 Nxg4 37. fxg4 Qxg4 38. Rg1 Qf3+ 39. Rg2 Qf4 40. Qxd6 Rf8 41. Be2
Raf7 42. Rh3 Qc1+ 43. Kh2 Qf4+ 44. Kh1 Rg7 45. Rxg7 Kxg7 46. Qa3 Qe4+ 47. Bf3
Qf4 48. d6 Qd4 49. d7 Rf7 50. Rg3+ Kh8 51. Bxa8 Rf1+ 52. Kg2 Rf2+ 53. Kh3 Qxd7+
54. Rg4 Rf4 55. Qg3 h5 56. Bf3 hxg4+ 57. Bxg4 Qh7+ 58. Kg2 a4 59. c5 bxc5 60. b6
a3 61. Bf3 Qg7 62. b7 Qxg3+ 63. Kxg3 Rb4 0-1

[Event "World Youth Open U14 2016"]
[Site "Khanty-Mansiysk RUS"]
[Date "2016.09.22"]
[Round "1.25"]
[White "Pitzanti, Matteo"]
[Black "Vaino, Nikita"]
[Result "1-0"]
[WhiteElo "2175"]
[BlackElo "1781"]
[WhiteFideId "890693"]
[BlackFideId "4504674"]
[EventDate "2016.09.22"]

1. e4 c6 2. Nc3 d5 3. Nf3 d4 4. Ne2 c5 5. c3 Bg4 6. Ne5 Bxe2 7. Qb3 c4 8. Qb5+
Nd7 9. Bxe2 d3 10. Bd1 Nf6 11. Nxd7 Nxd7 12. Qxc4 Nb6 13. Qb5+ Qd7 14. Qg5 h6
15. Qg3 e6 16. a4 O-O-O 17. a5 Nc4 18. Ra4 Bd6 19. Qxd3 Qe7 20. O-O f5 21. e5
Nxe5 22. Qe2 g5 23. d3 Bc5 24. Re1 Kb8 25. d4 Bd6 26. b4 Bc7 27. Ra1 Bd6 28. Ba4
Ng6 29. Ba3 f4 30. Qb2 1-0

[Event "World Youth Open U14 2016"]
[Site "Khanty-Mansiysk RUS"]
[Date "2016.09.23"]
[Round "2.13"]
[White "Tarun, V Kanth"]
[Black "Zhalmakhanov, Ramazan"]
[Result "0-1"]
[WhiteElo "1954"]
[BlackElo "2211"]
[WhiteFideId "25012185"]
[BlackFideId "13706357"]
[EventDate "2016.09.22"]

1. d4 Nf6 2. c4 e6 3. Nc3 Bb4 4. f3 c5 5. d5 b5 6. e4 O-O 7. Bd3 bxc4 8. Bxc4
exd5 9. Bxd5 Nxd5 10. Qxd5 Nc6 11. Ne2 Ba6 12. Kf2 Bxc3 13. bxc3 Qb6 14. Ng3
Rfe8 15. Be3 Qb2+ 16. Qd2 Qxd2+ 17. Bxd2 d5 18. exd5 Ne5 19. Ne4 Nd3+ 20. Kg3
Rad8 21. d6 f5 22. Bg5 fxe4 23. Bxd8 Rxd8 24. fxe4 Rxd6 25. Rab1 h5 26. Rb8+ Kh7
27. Ra8 Bb7 28. Re8 c4 29. h3 Nc5 30. Re1 Rd3+ 31. Kh4 Rxc3 32. Re5 Nd3 33.
Rxh5+ Kg8 34. Re3 Rc2 35. Rg5 Rf2 36. e5 Rf7 37. e6 Re7 38. Rb5 Bxg2 39. Kg3 Bc6
40. Ra5 g6 41. Ra6 Be8 42. Rd6 Kf8 43. Rd4 Rc7 44. e7+ Kf7 45. h4 c3 46. Rdxd3
c2 47. Rc3 c1=Q 48. Rxc1 Rxc1 49. Kg4 Rc4+ 50. Kg5 Rc5+ 51. Kg4 Rc8 52. h5 Rc4+
53. Kg5 Rc5+ 0-1

[Event "World Youth Open U14 2016"]
[Site "Khanty-Mansiysk RUS"]
[Date "2016.09.23"]
[Round "2.29"]
[White "Vaino, Nikita"]
[Black "Thilakarathne, G M H"]
[Result "0-1"]
[BlackTitle "CM"]
[WhiteElo "1781"]
[BlackElo "2028"]
[WhiteFideId "4504674"]
[BlackFideId "9912053"]
[EventDate "2016.09.22"]

1. c4 e5 2. Nc3 Nf6 3. e4 Bb4 4. d3 c6 5. Qb3 Na6 6. Bg5 O-O 7. Ne2 Nc5 8. Qc2
Ne6 9. Bh4 Re8 10. a3 Be7 11. O-O-O Ng4 12. Bg3 Bh4 13. h3 Bxg3 14. hxg4 Bxf2
15. g3 d6 16. Bh3 Ng5 17. Rdf1 Nxh3 18. Rxh3 Be3+ 19. Kb1 Bxg4 20. Rh4 Qd7 21.
Ng1 a6 22. Nf3 Bxf3 23. Rxf3 Bg5 24. Rh1 Re6 25. Nd1 b5 26. Ne3 Bxe3 27. Rxe3
Rb8 28. Rd1 Qa7 29. Rf3 b4 30. a4 b3 31. Qc3 c5 32. Rdf1 Re7 33. g4 Qb6 34. g5
Qb4 35. Rh3 Qxc3 36. bxc3 f6 37. gxf6 Rf7 38. Rg3 Rbf8 39. Kb2 Rxf6 40. Rfg1 g6
41. Kxb3 Rf2 42. R3g2 Rxg2 43. Rxg2 Rf3 44. Kc2 Kf7 45. Rd2 h5 46. d4 exd4 47.
cxd4 cxd4 48. Rxd4 Ke6 49. Rd5 h4 50. Rg5 Rg3 51. Rd5 h3 52. Rd1 h2 53. Rh1 Rh3
54. Kd2 Ke5 55. Ke2 Kxe4 0-1

[Event "World Youth Open U14 2016"]
[Site "Khanty-Mansiysk RUS"]
[Date "2016.09.24"]
[Round "3.11"]
[White "Golikov, Daniil"]
[Black "Blohberger, Felix"]
[Result "0-1"]
[BlackTitle "FM"]
[WhiteElo "2114"]
[BlackElo "2256"]
[WhiteFideId "24170623"]
[BlackFideId "1632051"]
[EventDate "2016.09.22"]

1. c4 c5 2. Nc3 Nc6 3. Nf3 g6 4. e3 Nf6 5. d4 cxd4 6. Nxd4 Bg7 7. Be2 O-O 8. O-O
d5 9. cxd5 Nxd5 10. Nxd5 Qxd5 11. Bf3 Qc5 12. Nxc6 bxc6 13. Qa4 Rb8 14. Rb1 Qb4
15. Qxc6 Bb7 16. Qc2 Bxf3 17. gxf3 Rfc8 18. Qe2 Qc4 19. Qxc4 Rxc4 20. b3 Rc2 21.
a4 Ra2 22. e4 Bd4 23. Rd1 Bxf2+ 24. Kf1 Bc5 25. Bf4 Bd6 26. Bxd6 exd6 27. Kg1
Rb6 28. Rd4 Kf8 29. Rc4 a6 30. Rc8+ Ke7 31. Rc7+ Ke6 32. Rd1 Rb2 33. f4 R2xb3
34. f5+ gxf5 35. exf5+ Kf6 36. Rd7 Rb1 37. Rxd6+ Rxd6 38. Rxb1 Kxf5 39. Rb4 Ke5
40. Rh4 h6 41. Kf2 f5 42. Ke3 Rb6 43. Rh5 a5 44. h4 Rg6 45. Kf3 Kf6 46. Kf2 Ke6
47. Ke3 Ke5 48. Kf3 Re6 49. Ke3 Kf6+ 50. Kf4 Re4+ 0-1

[Event "World Youth Open U14 2016"]
[Site "Khanty-Mansiysk RUS"]
[Date "2016.09.25"]
[Round "4.27"]
[White "Varbanov, Vladimir"]
[Black "Thilakarathne, G M H"]
[Result "1/2-1/2"]
[BlackTitle "CM"]
[WhiteElo "1794"]
[BlackElo "2028"]
[WhiteFideId "2917505"]
[BlackFideId "9912053"]
[EventDate "2016.09.22"]

1. d4 Nf6 2. c4 e6 3. Nc3 Bb4 4. e3 c5 5. Ne2 b6 6. a3 Ba5 7. Rb1 Na6 8. g3 Bb7
9. d5 b5 10. Bg2 bxc4 11. O-O O-O 12. e4 d6 13. Bg5 Nc7 14. dxe6 fxe6 15. Qa4
Bb6 16. Rbd1 e5 17. Rd2 h6 18. Bxf6 Qxf6 19. Nb5 Bc6 20. Nec3 Nxb5 21. Nxb5 a6
22. Rxd6 axb5 23. Rxf6 Rxa4 24. Rxc6 Ba7 25. Rc1 Rd8 26. Rc2 Rd1+ 27. Bf1 b4 28.
Kg2 c3 29. axb4 Rd2 30. Rxd2 cxd2 31. Rd6 cxb4 32. Rxd2 b3 33. Rd3 Rb4 1/2-1/2

[Event "World Youth Open U14 2016"]
[Site "Khanty-Mansiysk RUS"]
[Date "2016.09.26"]
[Round "5.1"]
[White "Esipenko, Andrey"]
[Black "Lomasov, Semen"]
[Result "0-1"]
[WhiteTitle "FM"]
[BlackTitle "FM"]
[WhiteElo "2490"]
[BlackElo "2393"]
[WhiteFideId "24175439"]
[BlackFideId "24164879"]
[EventDate "2016.09.22"]

1. e4 e6 2. d4 d5 3. Nc3 Nf6 4. e5 Nfd7 5. f4 c5 6. Nf3 Be7 7. Be3 O-O 8. Qd2 b6
9. Nd1 a5 10. Nf2 a4 11. c3 Nc6 12. Bd3 Ba6 13. Bxa6 Rxa6 14. Qe2 Ra8 15. O-O
Qc8 16. Nd2 Qa6 17. Qg4 g6 18. Rae1 a3 19. bxa3 Qxa3 20. Nd1 cxd4 21. cxd4 Qb4
22. Nf3 Rxa2 23. h4 h5 24. Qg3 Rc8 25. Nf2 Nf8 26. f5 exf5 27. Nd3 Qb5 28. Nf4
Nd8 29. Rb1 Qa5 30. Rf2 Rc3 31. Rxa2 Qxa2 32. Re1 Nde6 33. Nxh5 Qa3 34. Bf2 Rc1
35. Kh2 Rxe1 36. Bxe1 Qd3 37. Bf2 b5 38. Nf6+ Bxf6 39. exf6 f4 40. Qg4 Nd7 41.
Ne1 Qd2 42. Qf3 Nxf6 43. Nd3 Ne4 44. Bg1 b4 45. Ne5 Qc3 46. Nd3 b3 0-1

[Event "World Youth Open U14 2016"]
[Site "Khanty-Mansiysk RUS"]
[Date "2016.09.26"]
[Round "5.2"]
[White "Blohberger, Felix"]
[Black "Yakubboev, Nodirbek"]
[Result "1-0"]
[WhiteTitle "FM"]
[WhiteElo "2256"]
[BlackElo "2431"]
[WhiteFideId "1632051"]
[BlackFideId "14203987"]
[EventDate "2016.09.22"]

1. d4 f5 2. Bg5 h6 3. Bh4 g5 4. e3 Nf6 5. Bg3 Bg7 6. h4 g4 7. h5 O-O 8. Nc3 d6
9. Bc4+ e6 10. Nge2 Re8 11. Nf4 d5 12. Be2 c5 13. f3 Nc6 14. Ng6 Nd7 15. Nb5 e5
16. Nd6 Re6 17. Nxf5 exd4 18. Nf4 Re8 19. Nxg7 Kxg7 20. Nxd5 Nde5 21. e4 gxf3
22. gxf3 Nxf3+ 23. Bxf3 Qxd5 24. Rg1 Kh7 25. e5 Qd8 26. Qd3+ Kh8 27. Bxc6 bxc6
28. O-O-O Qg5+ 29. Kb1 Bf5 30. Qf1 Qxh5 31. Bf4 Be4 32. Re1 Bd5 33. e6 Rg8 34.
Be5+ Kh7 35. Qf6 Rg5 36. Rxg5 1-0

[Event "World Youth Open U14 2016"]
[Site "Khanty-Mansiysk RUS"]
[Date "2016.09.26"]
[Round "5.3"]
[White "Pitzanti, Matteo"]
[Black "Semjonovs, Ilja"]
[Result "1-0"]
[WhiteElo "2175"]
[BlackElo "2245"]
[WhiteFideId "890693"]
[BlackFideId "11604263"]
[EventDate "2016.09.22"]

1. d4 Nf6 2. Nf3 c5 3. e3 cxd4 4. exd4 g6 5. Bf4 Bg7 6. Be2 d6 7. O-O O-O 8. c3
b6 9. Nbd2 Bb7 10. h3 Nbd7 11. Re1 Qc7 12. Bc4 Rae8 13. Qb3 h6 14. Bh2 e5 15.
Nh4 d5 16. Bb5 Re6 17. Ndf3 Qd8 18. dxe5 Nc5 19. Qa3 Nfe4 20. b4 a6 21. Bf1 Nd7
22. Rad1 Qe7 23. c4 Rxe5 24. Nxe5 Bxe5 25. Nf3 Bxh2+ 26. Nxh2 Qf6 27. Rxe4 dxe4
28. Rxd7 Bc6 29. Rd1 Re8 30. Ng4 Qe7 31. Qc3 1-0

[Event "World Youth Open U14 2016"]
[Site "Khanty-Mansiysk RUS"]
[Date "2016.09.26"]
[Round "5.4"]
[White "Sargsyan, Shant"]
[Black "Pavlov, Danila"]
[Result "0-1"]
[WhiteTitle "CM"]
[WhiteElo "2440"]
[BlackElo "2157"]
[WhiteFideId "13306766"]
[BlackFideId "34126594"]
[EventDate "2016.09.22"]

1. d4 Nf6 2. c4 g6 3. Nf3 Bg7 4. g3 O-O 5. Bg2 d6 6. O-O Nbd7 7. Nc3 e5 8. e4
exd4 9. Nxd4 Re8 10. h3 a6 11. Be3 Rb8 12. a4 a5 13. Ndb5 b6 14. Re1 Bb7 15. Qc2
Ne5 16. Nd5 c5 17. Bg5 Bxd5 18. exd5 h6 19. Bd2 g5 20. Bc3 Ng6 21. Qf5 Rxe1+ 22.
Rxe1 Nh5 23. Bf1 Bxc3 24. bxc3 Ng7 25. Qf3 Qd7 26. Kg2 f5 27. Qd1 Rf8 28. Bd3
Ne5 29. Qe2 Qd8 30. Bc2 Re8 31. Kf1 Ng6 32. Qd1 Rf8 33. Qd2 Rf7 34. Kg2 Qf6 35.
Qe2 h5 36. Kh2 Re7 37. Qf1 Ne5 38. Bd1 f4 39. Kg2 Rf7 40. Bc2 g4 41. h4 Nf3 42.
Ra1 Qe5 43. Qd1 fxg3 44. fxg3 Qe3 45. Qd3 Ne1+ 0-1

[Event "World Youth Open U14 2016"]
[Site "Khanty-Mansiysk RUS"]
[Date "2016.09.26"]
[Round "5.5"]
[White "Shevchenko, Kirill"]
[Black "Bharambe, Bhavik C"]
[Result "1/2-1/2"]
[WhiteTitle "FM"]
[WhiteElo "2438"]
[BlackElo "2104"]
[WhiteFideId "14129574"]
[BlackFideId "25019244"]
[EventDate "2016.09.22"]

1. e4 c6 2. d4 d5 3. e5 c5 4. dxc5 Nc6 5. Nf3 Bg4 6. c3 Bxf3 7. Qxf3 Nxe5 8.
Bb5+ Nc6 9. c4 e6 10. Be3 Qf6 11. Nd2 Qxf3 12. Nxf3 Ne7 13. Rc1 f6 14. O-O Kf7
15. Rfd1 g5 16. h3 Bg7 17. cxd5 Nxd5 18. Bc4 Nce7 19. Nd4 a6 20. a3 h6 21. g4 h5
22. Nf5 exf5 23. Rxd5 f4 24. Rd8+ Kg6 25. Rxa8 Rxa8 26. Bd4 Rd8 27. Bc3 hxg4 28.
hxg4 f5 29. Bxg7 Kxg7 30. Re1 Rd7 31. Re5 Kf6 32. Re6+ Kg7 33. Re5 Kf6 34. Re6+
Kg7 35. Re5 Kf6 36. Re6+ Kg7 37. Rd6 Rc7 38. b4 fxg4 39. Be6 a5 40. Bxg4 axb4
41. axb4 Nc6 42. b5 Ne5 43. Rd5 Nxg4 44. Rxg5+ Kh6 45. b6 Rc6 46. Rxg4 Rxc5 47.
Rxf4 Rb5 48. Rf6+ Kg5 49. Rd6 Kf4 50. Kf1 Ke5 51. Rh6 Kd5 52. f4 Kc5 53. f5 Kd5
54. Ke1 Ke5 55. f6 Ke6 56. Kd1 Kf7 57. Rh7+ Kxf6 58. Kc1 Rb4 59. Rxb7 Ke6 1/2-1/2

[Event "World Youth Open U14 2016"]
[Site "Khanty-Mansiysk RUS"]
[Date "2016.09.26"]
[Round "5.13"]
[White "Golikov, Daniil"]
[Black "Stoleriu, George"]
[Result "1-0"]
[WhiteElo "2114"]
[BlackElo "2247"]
[WhiteFideId "24170623"]
[BlackFideId "1227505"]
[EventDate "2016.09.22"]

1. d4 e6 2. c4 Bb4+ 3. Nc3 b6 4. e3 Bb7 5. Ne2 f5 6. a3 Be7 7. Ng3 Nf6 8. d5 O-O
9. Be2 a5 10. Bf3 Na6 11. d6 Bxf3 12. dxe7 Qxe7 13. Qxf3 Nc5 14. O-O Ng4 15. Qe2
Qh4 16. h3 Ne5 17. Nb5 Qxc4 18. Nxc7 Rac8 19. Nb5 Nb3 20. Rb1 Qd3 21. Qxd3 Nxd3
22. Ne2 Ndxc1 23. Nxc1 Nd2 24. Nd3 Nxb1 25. Rxb1 Rfd8 26. Rd1 Kf8 27. Nd6 Rc2
28. b4 Ke7 29. Ne5 Rc7 30. b5 g5 31. Ndc4 Rb7 32. Rd6 Rc8 33. a4 Rcb8 34. Rxd7+
Rxd7 35. Nc6+ Kf6 36. Nxb8 Rb7 37. Nc6 f4 38. e4 h5 39. e5+ Kg6 40. f3 g4 41. h4
Rd7 42. Nd6 gxf3 43. gxf3 Kh6 44. Kf2 Rc7 45. Nc4 Rd7 46. Ke2 Rg7 47. Nxb6 Rg2+
48. Kf1 Ra2 49. Nd7 Ra1+ 50. Ke2 Ra2+ 51. Kd3 Ra3+ 52. Kc4 Rxa4+ 53. Kc5 Ra3 54.
b6 Rc3+ 55. Kd4 Rxf3 56. b7 Rb3 57. b8=Q Rxb8 58. Ndxb8 Kg6 59. Ke4 1-0

[Event "World Youth Open U14 2016"]
[Site "Khanty-Mansiysk RUS"]
[Date "2016.09.26"]
[Round "5.29"]
[White "Varbanov, Vladimir"]
[Black "Emanuel, Yahav"]
[Result "0-1"]
[WhiteElo "1794"]
[BlackElo "2014"]
[WhiteFideId "2917505"]
[BlackFideId "2814790"]
[EventDate "2016.09.22"]

1. d4 Nf6 2. c4 e6 3. Nc3 Bb4 4. e3 c5 5. Ne2 b6 6. a3 Ba5 7. Rb1 Na6 8. g3 Bb7
9. d5 exd5 10. Bg2 Rb8 11. cxd5 O-O 12. O-O d6 13. e4 Re8 14. Qa4 Bc8 15. Bg5
Kf8 16. f4 Qd7 17. Qxd7 Bxd7 18. e5 Ng4 19. Ne4 dxe5 20. Nd6 f6 21. Nxe8 Rxe8
22. fxe5 Rxe5 23. Nf4 Rxg5 24. Ne6+ Bxe6 25. dxe6 Ne3 26. Rf4 Nxg2 27. Kxg2 Re5
28. Rd1 Rxe6 29. Rd8+ Re8 30. Rxe8+ Kxe8 31. Kf3 b5 32. Ke4 Bc7 33. Rh4 h6 34.
Kd5 Kd7 35. Rg4 g5 36. Re4 Bd6 37. Re3 f5 38. Rf3 Nc7# 0-1

[Event "World Youth Open U14 2016"]
[Site "Khanty-Mansiysk RUS"]
[Date "2016.09.26"]
[Round "5.30"]
[White "Thybo, Thomas Sondergaard"]
[Black "Vaino, Nikita"]
[Result "0-1"]
[WhiteElo "1971"]
[BlackElo "1781"]
[WhiteFideId "1441299"]
[BlackFideId "4504674"]
[EventDate "2016.09.22"]

1. e4 c6 2. d4 d5 3. f3 e6 4. Nc3 Bb4 5. Ne2 dxe4 6. fxe4 Qh4+ 7. Ng3 Nf6 8. Bd3
Bxc3+ 9. bxc3 O-O 10. Qf3 e5 11. O-O Bg4 12. Qe3 Nbd7 13. h3 Rfe8 14. Bd2 Be6
15. Nf5 Bxf5 16. Be1 exd4 17. cxd4 Qh5 18. g4 Bxg4 19. hxg4 Qxg4+ 20. Kh2 Qh5+
21. Kg1 Qg6+ 22. Kh1 Nxe4 23. Bh4 Qh5 24. Rf4 f5 25. Bxe4 Rxe4 26. Rxe4 fxe4 27.
Qxe4 Nf6 28. Qf4 Nd5 29. Qg5 Qxg5 30. Bxg5 h6 31. Bd2 Re8 32. Re1 Rxe1+ 33. Bxe1
g5 34. Bd2 Kf7 35. Kh2 Ke6 36. Kg3 Kf5 37. Kf3 h5 38. a3 h4 39. a4 g4+ 40. Kf2
Ke4 0-1

[Event "World Youth Open U14 2016"]
[Site "Khanty-Mansiysk RUS"]
[Date "2016.09.26"]
[Round "5.37"]
[White "Araoz Andrade, Ivan Alexander"]
[Black "Chursin, Aleksandr"]
[Result "1-0"]
[WhiteElo "1746"]
[BlackElo "1675"]
[WhiteFideId "3825299"]
[BlackFideId "34106666"]
[EventDate "2016.09.22"]

1. e4 c5 2. Nf3 Nc6 3. Bb5 g6 4. O-O Bg7 5. c3 e6 6. d4 cxd4 7. cxd4 d5 8. exd5
Qxd5 9. Nc3 Qd8 10. Bf4 Ne7 11. Be5 f6 12. Bg3 O-O 13. Bc4 Nd5 14. Re1 Na5 15.
Bxd5 exd5 16. Nb5 Rf7 17. Rc1 Nc6 18. Nd6 Rd7 19. Re8+ 1-0

[Event "World Youth Open U14 2016"]
[Site "Khanty-Mansiysk RUS"]
[Date "2016.09.28"]
[Round "6.1"]
[White "Lomasov, Semen"]
[Black "Pitzanti, Matteo"]
[Result "1-0"]
[WhiteTitle "FM"]
[WhiteElo "2393"]
[BlackElo "2175"]
[WhiteFideId "24164879"]
[BlackFideId "890693"]
[EventDate "2016.09.22"]

1. e4 c6 2. d4 d5 3. e5 c5 4. dxc5 e6 5. a3 a5 6. Be3 Nh6 7. Bd3 Qc7 8. Nc3 Bd7
9. Nf3 Bxc5 10. Nb5 Bxb5 11. Bxb5+ Kf8 12. Bxc5+ Qxc5 13. Bd3 Nc6 14. O-O g6 15.
Qd2 Kg7 16. Qf4 Qe7 17. Rfe1 Rhf8 18. c4 dxc4 19. Bxc4 Rfd8 20. Bb5 Rac8 21.
Rac1 Rd5 22. Bxc6 Rxc6 23. Rxc6 bxc6 24. g4 Ng8 25. Kg2 Qb7 26. Ng5 c5 27. Ne4
Rd4 28. Re2 Qd5 29. f3 Qc4 30. Qe3 Ne7 31. b3 Qb5 32. Nf6 Nd5 33. Nxd5 Rxd5 34.
Rc2 Rd3 35. Rxc5 Qxb3 36. Qf4 Qb2+ 37. Kg3 Qb8 38. Rxa5 Rd8 39. Rb5 Qc7 40. h4
Kg8 41. h5 Qc3 42. Rb1 Qxa3 43. Qf6 Re8 44. hxg6 fxg6 45. Rb7 Qf8 46. Kf4 Qh6+
47. Ke4 Rf8 48. Qxe6+ Kh8 49. Rf7 Rb8 50. Qd6 Ra8 51. Qd4 Kg8 52. Qc4 Ra4 53.
Qxa4 Kxf7 54. Qd7+ Kg8 55. e6 g5 56. Qf7+ Kh8 57. Kd5 Qg7 58. Qxg7+ Kxg7 59. Kd6
h5 60. gxh5 1-0

[Event "World Youth Open U14 2016"]
[Site "Khanty-Mansiysk RUS"]
[Date "2016.09.28"]
[Round "6.2"]
[White "Pavlov, Danila"]
[Black "Blohberger, Felix"]
[Result "1/2-1/2"]
[BlackTitle "FM"]
[WhiteElo "2157"]
[BlackElo "2256"]
[WhiteFideId "34126594"]
[BlackFideId "1632051"]
[EventDate "2016.09.22"]

1. e4 e6 2. d4 d5 3. Nc3 Nf6 4. Bg5 dxe4 5. Nxe4 Nbd7 6. Nf3 h6 7. Bxf6 Nxf6 8.
Bd3 c5 9. Nxf6+ gxf6 10. O-O cxd4 11. Nxd4 Bc5 12. Bb5+ Ke7 13. c3 Bd7 14. Bxd7
Qxd7 15. Qe2 Bxd4 16. Rad1 Qc6 17. Rxd4 Rad8 18. Rfd1 Rxd4 19. Rxd4 Rd8 20. Rxd8
Kxd8 21. Qd2+ Qd5 22. Qxd5+ exd5 23. f3 Ke7 24. Kf2 f5 25. Ke3 Ke6 26. Kf4 Kf6
27. Ke3 Ke5 28. f4+ Ke6 29. Kd4 Kd6 30. b3 b6 31. a3 Ke6 32. c4 dxc4 33. Kxc4 a6
34. a4 Kd6 35. Kd4 f6 36. Kc4 Kc6 37. g3 h5 38. h3 Kd6 39. Kd4 Kc6 40. b4 b5 1/2-1/2

[Event "World Youth Open U14 2016"]
[Site "Khanty-Mansiysk RUS"]
[Date "2016.09.28"]
[Round "6.3"]
[White "Davtyan, Artur"]
[Black "Esipenko, Andrey"]
[Result "1/2-1/2"]
[WhiteTitle "FM"]
[BlackTitle "FM"]
[WhiteElo "2280"]
[BlackElo "2490"]
[WhiteFideId "13308327"]
[BlackFideId "24175439"]
[EventDate "2016.09.22"]

1. d4 Nf6 2. c4 e6 3. Nc3 Bb4 4. Qc2 O-O 5. a3 Bxc3+ 6. Qxc3 d6 7. Bg5 Nbd7 8.
f3 e5 9. e4 exd4 10. Qxd4 Re8 11. Ne2 h6 12. Bxf6 Nxf6 13. Nc3 Be6 14. O-O-O Nd7
15. Kb1 Ne5 16. c5 Bb3 17. Rc1 dxc5 18. Qxc5 Qd2 19. Qb4 Be6 20. Nd5 Qxb4 21.
Nxb4 c6 22. Nd3 Ng6 23. Nc5 Bc8 24. Rd1 Kf8 25. Kc1 Ke7 26. Nb3 Ne5 27. Be2 b6
28. Nd4 c5 29. Nb5 Ba6 30. Rd5 Ng6 31. Rhd1 Nf4 32. Rd7+ Kf8 33. Bc4 Bxb5 34.
Bxb5 Nxg2 35. Bc4 Ne3 36. Rxf7+ Kg8 37. Rdd7 Nxc4 38. Rxg7+ Kh8 1/2-1/2

[Event "World Youth Open U14 2016"]
[Site "Khanty-Mansiysk RUS"]
[Date "2016.09.28"]
[Round "6.4"]
[White "Yakubboev, Nodirbek"]
[Black "Sam, Gabriel"]
[Result "1/2-1/2"]
[WhiteElo "2431"]
[BlackElo "2069"]
[WhiteFideId "14203987"]
[BlackFideId "75000776"]
[EventDate "2016.09.22"]

1. e4 c5 2. Nc3 Nc6 3. g3 g6 4. Bg2 Bg7 5. d3 d6 6. Be3 e5 7. Nh3 Nge7 8. O-O
O-O 9. f4 Nd4 10. Qd2 Rb8 11. Nd1 f5 12. c3 Ndc6 13. Ndf2 b6 14. exf5 Bxf5 15.
Ng5 h6 16. Nf3 Nd5 17. fxe5 Nxe3 18. Qxe3 Nxe5 19. Nxe5 dxe5 20. Be4 Qd7 21.
Rae1 Rbd8 22. Qe2 Kh7 23. Kg2 Rf6 24. Bxf5 Rxf5 25. b3 h5 26. Rd1 Bh6 27. Ne4
Rdf8 28. Rf2 h4 29. Rdf1 h3+ 30. Kg1 Qd5 31. Rf3 Qd7 32. Rxf5 gxf5 33. Nf2 Qg7
34. Nxh3 e4 35. dxe4 f4 36. Qd3 fxg3 37. hxg3 Rd8 38. Qf3 Rf8 39. Qg2 Rxf1+ 40.
Kxf1 Qxc3 41. Kg1 Qe3+ 42. Kh2 b5 43. Qc2 Kg7 44. Kg2 Qd4 45. Nf4 Kf6 46. e5+
Kxe5 47. Qc1 Bxf4 48. gxf4+ Ke4 49. Qb1+ Kxf4 50. Qf1+ Ke3 51. Qe1+ Kd3 52. Qf1+
Kc3 53. Qxb5 Qd2+ 54. Kf3 Qd3+ 55. Qxd3+ Kxd3 56. Kf4 c4 57. bxc4 Kxc4 58. Ke3
Kc3 1/2-1/2

[Event "World Youth Open U14 2016"]
[Site "Khanty-Mansiysk RUS"]
[Date "2016.09.28"]
[Round "6.5"]
[White "Remizov, Yaroslav"]
[Black "Shevchenko, Kirill"]
[Result "0-1"]
[BlackTitle "FM"]
[WhiteElo "2218"]
[BlackElo "2438"]
[WhiteFideId "34134015"]
[BlackFideId "14129574"]
[EventDate "2016.09.22"]

1. e4 c5 2. Nf3 d6 3. d4 cxd4 4. Nxd4 Nf6 5. Nc3 a6 6. Be3 e5 7. Nf3 Qc7 8. a4
Be7 9. a5 Be6 10. Ng5 O-O 11. Be2 h6 12. Nxe6 fxe6 13. O-O Nc6 14. Bc4 Qd7 15.
f4 exf4 16. Bxf4 Rad8 17. e5 dxe5 18. Qxd7 Bc5+ 19. Kh1 Nxd7 20. Bxe6+ Kh8 21.
Bg3 Nf6 22. Rfe1 Bd4 23. Bf5 Nh5 24. Be4 Rc8 25. Ne2 Nxg3+ 26. hxg3 Bxb2 27.
Rab1 Ba3 28. Rxb7 Nxa5 29. Rb6 Nc4 30. Rxa6 Bc5 31. Rc6 Rxc6 32. Bxc6 Ne3 33.
Bf3 Re8 34. Be4 Ng4 35. Nc1 Bf2 36. Rf1 Bxg3 37. Nd3 Nf6 38. Bg6 Re7 39. Nc5 Bf4
40. Ne4 Nxe4 41. Bxe4 g5 42. g4 Rd7 43. Bd3 Kg7 44. Kg2 Bd2 45. Kf3 Bc3 46. Be4
Rd4 47. Rb1 h5 48. Rb7+ Kf8 49. Rb8+ Ke7 50. Rb7+ Kd8 51. gxh5 g4+ 52. Ke3 Bd2+
53. Ke2 Bf4 54. Bf5 Rd2+ 55. Ke1 g3 56. Be4 Rh2 57. Rg7 Rxh5 58. Kf1 Rh2 59. Bg2
Rh6 60. Be4 Rd6 61. Rg6 Rd4 62. Bd3 Ke7 63. Rg7+ Kd6 64. Rg6+ Kc5 65. Re6 Rd8
66. Ra6 Rh8 67. Be4 Kd4 68. Ra4+ Ke3 69. Bg2 Kd2 70. c4 Rb8 71. Ra1 Rf8 72. Be4
Ke3 73. Re1+ Kd4 74. Kg2 Kxc4 75. Rd1 Rb8 76. Kf3 Rb2 77. Rb1 Rf2+ 78. Kg4 Kd4
79. Bf3 Rc2 80. Rb4+ Ke3 81. Rb3+ Kf2 82. Be4 g2 83. Rb1 Rd2 84. Bxg2 Kxg2 85.
Kf5 Re2 86. Rb3 Bg3 87. Kg4 Re4+ 88. Kf5 Rf4+ 89. Ke6 e4 90. Kd5 Bf2 91. Kc4 e3+
92. Kd3 Rd4+ 93. Kc2 e2 0-1